KM - dôležitý faktor úspešnosti podniku

Charakteristika znalostného manažmentu. Technologická podpora riadenia znalostí. Intranetové webové stránky. Systémy pre správu dokumentov. Groupware a workflow systémy. Brainstorming aplikácie, dátové sklady. Podnikové znalostné portály.

Na minha lista:
Detalhes bibliográficos
Autor principal: Cárachová, Magdaléna
Formato: Capítulo de Livro
Idioma:eslovaco
Assuntos:
Tags: Adicionar Tag
Sem tags, seja o primeiro a adicionar uma tag!

MARC

LEADER 00000nla a2200000 4500
001 0227080
005 20240502083609.2
041 0 |a slo 
044 |a CZ 
245 1 0 |a KM - dôležitý faktor úspešnosti podniku  |c Magdaléna Cárachová 
520 |a Charakteristika znalostného manažmentu. Technologická podpora riadenia znalostí. Intranetové webové stránky. Systémy pre správu dokumentov. Groupware a workflow systémy. Brainstorming aplikácie, dátové sklady. Podnikové znalostné portály. 
610 2 0 |a manažment znalostný 
610 2 0 |a riadenie znalostí 
610 2 0 |a technológie informačné 
610 2 0 |a technológie komunikačné 
610 2 0 |a dolovanie dát 
610 2 0 |a sklad dát 
610 2 0 |a brainstorming 
100 1 |a Cárachová, Magdaléna